Calibración del modelo continuo SAC-SMA en la cuenca del río Abangares para la definición del régimen de aprovechamiento de agua
Na minha lista:
| Autor principal: | |
|---|---|
| Outros Autores: | |
| Formato: | Livro |
| Idioma: | Spanish |
| Publicado em: |
[San José, Costa Rica]
2021
|
| Assuntos: | |
| Acesso em linha: | https://cedi.ucr.ac.cr/civil/calibracion-del-modelo-continuo-sac-sma-en-la-cuenca-del-rio-abangares-para-la-definicion-del-regimen-de-aprovechamiento-de-agua/ |
| Tags: |
Adicionar Tag
Sem tags, seja o primeiro a adicionar uma tag!
|
MARC
| LEADER | 00000nam a2200000Ia 4500 | ||
|---|---|---|---|
| 003 | 013395 | ||
| 005 | 20230502161507.0 | ||
| 008 | 140116s2021 cr a 000 ||spa d | ||
| 040 | |c cru CEDI | ||
| 100 | |a Sandi Rojas, Eric Andrés, 1997- |9 140 | ||
| 245 | |a Calibración del modelo continuo SAC-SMA en la cuenca del río Abangares para la definición del régimen de aprovechamiento de agua | ||
| 260 | |b [San José, Costa Rica] |c 2021 | ||
| 500 | |a Proyecto de graduación (licenciatura en ingeniería civil)--Universidad de Costa Rica. Facultad de Ingeniería. Escuela de Ingeniería Civil. Departamento. Hidráulica y Ambiental | ||
| 501 | |a Director de Proyecto de Graduación: Ing. Rafael Oreamuno Vega, M.Sc. | ||
| 650 | |x GEOMORFOLOGIA - CUENCA DEL RIO REVENTAZON (COSTA RICA) |x HIDROMETEOROLOGIA - CUENCA DEL RIO REVENTAZON (COSTA RICA) |x HUMEDAD DE SUELOS - CUENCA DEL RIO REVENTAZON (COSTA RICA) |x BALANCE HIDRICO (HIDROLOGIA) - CUENCA DEL RIO ABANGARES (COSTA RICA) - METODOS DE SIMULACION | ||
| 700 | |9 107 |a Oreamuno Vega, Rafael Alfredo, 1956- |d Director del TFG | ||
| 856 | |u https://cedi.ucr.ac.cr/civil/calibracion-del-modelo-continuo-sac-sma-en-la-cuenca-del-rio-abangares-para-la-definicion-del-regimen-de-aprovechamiento-de-agua/ |y https://cedi.ucr.ac.cr/civil/calibracion-del-modelo-continuo-sac-sma-en-la-cuenca-del-rio-abangares-para-la-definicion-del-regimen-de-aprovechamiento-de-agua/ | ||
| 942 | |c CEDI |h TFG 8546 |2 ddc |6 TFG_8546_000000000000000 | ||
| 999 | |c 21897 |d 21897 | ||
